000 nam a22 7a 4500
999 _c8762
_d8762
008 180119b ||||| |||| 00| 0 eng d
100 _aMalik. S
_95103
245 _aExploring Computers -V
250 _a6th
260 _aNew Delhio
_bRachna Sagar
_c2009